|
|
|
|
| LEADER |
00000nab a2200000 ar4500 |
| 001 |
vtls011697794 |
| 003 |
SK-MaSNL |
| 005 |
20260303084417.0 |
| 008 |
170619c2017 xo |r|p|||an |000 b|slo |
| 015 |
|
|
|a SNBRB2017/06
|
| 038 |
|
|
|a SPK
|
| 040 |
|
|
|a SPKCL
|b slo
|c AACR2
|e AACR2
|
| 041 |
0 |
|
|a slo
|b slo
|
| 044 |
|
|
|a xo
|c SK
|
| 072 |
|
7 |
|a 616
|x Patológia. Klinická medicína
|2 konspekt
|
| 080 |
|
|
|a 616-036.887
|2 2011
|
| 080 |
|
|
|a 616-036.88
|2 2011
|
| 100 |
1 |
|
|a Červenáková, Jana
|4 aut
|9 531639
|
| 245 |
1 |
0 |
|a Je dôležité hovoriť o konci života, umieraní a smrti
|c Jana Červenáková, Lucia Kondáš
|
| 300 |
|
|
|b Fotogr., grafy
|
| 504 |
|
|
|a Bibliogr. odkazy
|
| 546 |
|
|
|a Res. slov.
|
| 650 |
0 |
7 |
|a umieranie
|2 snkbucl
|9 2611
|
| 650 |
0 |
7 |
|a smrť
|2 snkbucl
|9 2593
|
| 700 |
1 |
|
|a Kondáš, Lucia
|4 aut
|9 1092345
|
| 773 |
0 |
|
|t Sociálna prevencia
|g Roč. 11., č. 2(2016), s. 3-5
|x 1336-9679
|
| 852 |
|
|
|a SPK
|b KIS3GCP
|
| 856 |
4 |
1 |
|a http://www.infodrogy.sk/index.cfm?module=Library&page=Document&DocumentID=1067
|
| 958 |
|
|
|a NB
|2 spk
|
| 999 |
|
|
|c 1795331
|d 1797261
|